Duman Şarkıları - Statistics

General Stats
  • This quiz has been taken 1 147 times
  • The average score is 29 of 68
Answer Stats
Numara Parça Adı % Correct
Belki Alışman Lazım Bal
81%
Seni Kendime Sakladım Seni Kendime Sakladım
79%
Eski Köprünün Altında Köprüaltı
78%
Duman II Senden Daha Güzel
78%
Darmaduman Yürek
72%
Belki Alışman Lazım Her Şeyi Yak
67%
Belki Alışman Lazım Bu Akşam (Akustik)
61%
Seni Kendime Sakladım Aman Aman
60%
Belki Alışman Lazım Belki Alışman Lazım
60%
Belki Alışman Lazım Bu Akşam
60%
Belki Alışman Lazım Ah
58%
Duman I Dibine Kadar
55%
Belki Alışman Lazım Oje
54%
Belki Alışman Lazım Haberin Yok Ölüyorum
52%
Darmaduman Kolay Değildir
49%
Eski Köprünün Altında Hayatı Yaşa
48%
Eski Köprünün Altında Bebek
47%
Eski Köprünün Altında Hatun
47%
Belki Alışman Lazım Kırmış Kalbini
47%
Belki Alışman Lazım Kırmış Kalbini (Uzun Versiyon)
47%
Darmaduman Melankoli
47%
Darmaduman Öyle Dertli
46%
Duman II Balık
44%
Duman II Elleri Ellerime
44%
Darmaduman Eyvallah
44%
Darmaduman Köpekler
44%
Seni Kendime Sakladım Yanıbaşımdan
44%
Eski Köprünün Altında İstanbul
43%
Duman I Sor Bana Pişman Mıyım
43%
Seni Kendime Sakladım Yürekten
42%
Seni Kendime Sakladım En Güzel Günüm Gecem
41%
Eski Köprünün Altında Halimiz Duman
41%
Duman I Helal Olsun
40%
Seni Kendime Sakladım Melek
40%
Eski Köprünün Altında Yalnızlık Paylaşılmaz
40%
Eski Köprünün Altında Dağlar Bağlar
39%
Duman II Vals
39%
Belki Alışman Lazım Masal
38%
Duman I Sarhoş
37%
Darmaduman Seviyorsan İnanıyorsan
37%
Darmaduman Deli
36%
Duman II İyi De Bana Ne
36%
Belki Alışman Lazım Manası Yok
36%
Darmaduman Gönül İster
35%
Duman I Bu Aşk Beni Yorar
34%
Eski Köprünün Altında Dönek
34%
Belki Alışman Lazım Elimdeki Saz Yeter Canıma
34%
Seni Kendime Sakladım Özgürlüğün Ülkesi
34%
Eski Köprünün Altında Senin Gibi
34%
Duman II Tövbe
34%
Darmaduman Akıbet
33%
Seni Kendime Sakladım Sayın Bayan
33%
Seni Kendime Sakladım Sen Ben
33%
Duman II Senin Marşın
33%
Seni Kendime Sakladım Rüyanda Görsen İnanma
32%
Seni Kendime Sakladım Geçmiş Olsun
31%
Darmaduman Gözleri Kanlı
31%
Duman II Of
31%
Duman I Yalan
31%
Duman I Hayvan
30%
Duman I Rezil
30%
Seni Kendime Sakladım Sadece Koklayacaktım
30%
Darmaduman Saldır
30%
Duman I Sevdim Desem
30%
Darmaduman Sınana Sınana
30%
Duman I Yağmurun Sabahında
29%
Duman II Kumbela
28%
Duman II Paranoya
27%
No matching quizzes found
Score Distribution
Percent of People with Each Score
Percentile by Number Answered
Your Score History
You have not taken this quiz